[Event "St Veit op 43rd"]
[Site "St Veit"]
[Date "2024.07.10"]
[Round "6"]
[White "Campidelli, Peter"]
[Black "Ebner, Johann"]
[Result "1/2-1/2"]
[WhiteElo "1587"]
[BlackElo "1972"]
[PlyCount "121"]
[EventDate "2024.07.06"]
[EventType "swiss"]
[EventRounds "9"]
[EventCountry "AUT"]
[SourceTitle "CBM 221 Extra"]
[Source "ChessBase"]
[SourceDate "2024.09.30"]
[SourceVersion "1"]
[SourceVersionDate "2024.09.30"]
[SourceQuality "1"]

1. e4 Nf6 2. e5 Nd5 3. d4 d6 4. Nf3 dxe5 5. Nxe5 c6 6. c4 Nb4 7. Be3 Bf5 8. Nd3 e6 9. a3 Nxd3+ 10. Bxd3 Bxd3 11. Qxd3 Bd6 12. Nc3 0-0 13. Ne4 Be7 14. h4 h6 15. 0-0-0 f5 16. Nc5 Qc8 17. Bf4 b6 18. Nb3 Bf6 19. Qg3 Kh7 20. h5 Qe8 21. Qf3 a5 22. Rhe1 a4 23. Na1 Qf7 24. Bxb8 Raxb8 25. Qxc6 Rfc8 26. Qxe6 Rxc4+ 27. Nc2 Qxe6 28. Rxe6 Rbc8 29. Re2 Bxd4 30. Kb1 Bc5 31. Ne3 Bxe3 32. Rxe3 Rh4 33. Re6 Rb8 34. Re5 Rxh5 35. g4 Rh4 36. gxf5 Rf4 37. Rd2 Rf8 38. Rd6 R8xf5 39. Rxf5 Rxf5 40. Rxb6 Ra5 41. Kc2 h5 42. Kd3 g6 43. f4 h4 44. Ke4 Kh6 45. Kf3 Kh5 46. Rb8 g5 47. fxg5 Kxg5 48. Rb4 Rf5+ 49. Kg2 Rf4 50. Kh3 Rxb4 51. axb4 Kf5 52. b5 Ke5 53. b6 Kd6 54. b7 Kc7 55. b8Q+ Kxb8 56. Kxh4 Kb7 57. Kg4 Kb6 58. Kf4 Kb5 59. Ke3 Kb4 60. Kd2 Kb3 61. Kc1 1/2-1/2

[Event "Krumbach op"]
[Site "Krumbach"]
[Date "1991.??.??"]
[Round "5"]
[White "Brendel, Bergit"]
[Black "Campidelli, Peter"]
[Result "1-0"]
[WhiteElo "2095"]
[BlackElo "2220"]
[PlyCount "29"]
[EventDate "1991.03.29"]
[EventType "swiss"]
[EventRounds "10"]
[EventCountry "GER"]
[SourceTitle "TD"]
[Source "ChessBase"]
[SourceDate "1994.03.01"]
[SourceVersion "1"]
[SourceVersionDate "1994.03.01"]
[SourceQuality "1"]

1. e4 e5 2. Nf3 Nc6 3. Bc4 Nf6 4. Ng5 d5 5. exd5 Na5 6. Bb5+ c6 7. dxc6 bxc6 8. Qf3 Bb7 9. Bd3 h6 10. Ne4 Nd5 11. a3 c5 12. Bb5+ Nc6 13. Nbc3 Be7 14. Nxd5 Qxd5 15. Nf6+ 1-0

[Event "Krumbach op"]
[Site "Krumbach"]
[Date "1991.??.??"]
[Round "8"]
[White "Hutter, Otto"]
[Black "Campidelli, Peter"]
[Result "1-0"]
[WhiteElo "2250"]
[BlackElo "2220"]
[PlyCount "73"]
[EventDate "1991.03.29"]
[EventType "swiss"]
[EventRounds "10"]
[EventCountry "GER"]
[SourceTitle "TD"]
[Source "ChessBase"]
[SourceDate "1994.03.01"]
[SourceVersion "1"]
[SourceVersionDate "1994.03.01"]
[SourceQuality "1"]

1. Nf3 Nf6 2. e3 d5 3. b3 g6 4. Bb2 Bg7 5. Be2 0-0 6. 0-0 c5 7. d4 Nbd7 8. Nbd2 b6 9. c3 Bb7 10. Bd3 Rc8 11. Qe2 Qc7 12. Rac1 e5 13. Bb1 e4 14. Ne1 Nh5 15. f4 exf3 16. Rxf3 Rce8 17. g4 Nf4 18. Qf2 Ne6 19. h4 Qd6 20. Ng2 Nd8 21. Rf1 f6 22. Bc1 Nf7 23. Nf4 Nh8 24. Kg2 Nb8 25. Rh1 Bc8 26. g5 Bg4 27. Rg3 f5 28. Rxg4 fxg4 29. Nf1 cxd4 30. cxd4 Rxf4 31. exf4 Nc6 32. Be3 Qa3 33. h5 Qb4 34. hxg6 Nxg6 35. f5 Bxd4 36. fxg6 Bxe3 37. Qf7+ 1-0